[Event "Sarajevo Bosnia 30th"]
[Site "Sarajevo"]
[Date "2000.05.24"]
[Round "7"]
[White "Bacrot, Etienne"]
[Black "Topalov, Veselin"]
[Result "0-1"]
[WhiteElo "2594"]
[BlackElo "2702"]
[Annotator "Ribli,Z"]
[PlyCount "66"]
[EventDate "2000.05.17"]
[EventType "tourn"]
[EventRounds "11"]
[EventCountry "BIH"]
[EventCategory "19"]
[SourceTitle "CBM 077"]
[Source "ChessBase"]
[SourceDate "2000.07.27"]
[SourceVersion "1"]
[SourceVersionDate "2000.07.27"]
[SourceQuality "1"]

1. d4 {Wells} d6 {Eine Überraschung für Weiß. Nach 2.c4 möchte Schwarz
wahrscheinlich 2...e5 spielen. Die prinzipielle Fortsetzung wäre 2.e4, aber
der junge französische Spieler hat Eröffnungen mit 1.e4 nicht in seinem
Repertoire.} 2. Nf3 g6 (2... Bg4 {Wells} 3. c4 Nd7 4. e4 Bxf3 $5 5. Qxf3 g6 6.
Nc3 Bg7 7. Qd1 c5 8. d5 Bxc3+ $5 9. bxc3 Ngf6 10. f3 Qa5 11. Qb3 O-O-O 12. Be2
Rdg8 $132 {0-1 Topalov,V-Adams,M/Dortmund 1996/CBM 54 (59)}) 3. c4 Bg7 4. Nc3
c5 5. dxc5 {Diese genügsame Fortsetzug ist ungefährlich für Schwarz.} (5. d5
Bxc3+ 6. bxc3 f5 {Eine ähnliche Stellung entsteht aus der Zugfolge 1.d4 g6 2.
c4 Bg7 3.Nc3 c5 4.d5 Bxc3+ 5.bxc3 f5. Unsere Partie unterscheidet sich hiervon
durch die Züge d6-Nf3.} (6... Qa5 7. Qb3 Nf6 8. Nd2 Nbd7 9. e4 Rb8 10. a4 a6
11. Qc2 e5 12. Be2 O-O 13. Ra3 Ne8 14. Nf1 f5 15. Bh6 Ng7 16. exf5 Rxf5 17. Ng3
{1-0 Hansen,S-Worsfold,O/Aarhus 1990/EXT 2000 (24)}) 7. h4 Nf6 (7... Qa5 8. Bd2
Nf6 9. h5 Nxh5 10. Rxh5 gxh5 11. e4 Nd7 12. exf5 Nf6 13. Bd3 Bd7 14. Ng5 Rg8
15. Nxh7 O-O-O {0-1 Almeida,O-Fierro Baquero,M/Havana 1999/CBM 70 ext (47)}) 8.
Bh6 Rg8 9. e3 Qa5 10. Qc2 Nbd7 11. Bd3 Nb6 12. Nd2 Na4 13. Rc1 Bd7 14. O-O Ng4
15. Bf4 O-O-O 16. f3 Ne5 17. Be2 Nf7 18. Bg3 e5 19. dxe6 Bxe6 {0-1 Turkova,
O-Loktionova,N/Kolontaevo 1998/EXT 2000 (31)}) (5. e4 $5) 5... Bxc3+ $5 {
[%mdl 4] Wells: 'One of an number of increasingly fashionable variations in
which black gives this bishop to create structural counterplay. I suspect that
Mickey Adams' liberated treatment of the bishop pair in the encounter quoted
above may have made a deep impression on his opponent.' Schwarz gibt das
Läuferpaar auf, verschlechtert dadurch aber die weiße Bauernstruktur.} (5...
dxc5 6. Qxd8+ Kxd8 7. Bd2 (7. Bf4 Bxc3+ 8. bxc3 Nc6 9. g3 Be6 10. Bg2 Na5 11.
Rd1+ Ke8 12. Bc7 b6 13. Ng5 Rc8 14. Be5 Nf6 15. Ne4 Nxe4 16. Bxh8 Nd6 {1/2-1/2
Donk,M-Van Laatum,G/Groningen 1994/EXT 97 (41)}) 7... Bd7 8. g3 Nc6 9. Bg2 Rc8
10. O-O b6 11. Rfd1 Ke8 12. Rac1 Nd4 13. Nxd4 cxd4 14. Nd5 e6 15. Nb4 Ne7 16.
b3 {1/2-1/2 Szymczak,Z-Vokac,M/Marianske Lazne 1989/EXT 97 (57)}) 6. bxc3 dxc5
7. Qxd8+ {Wells: 'To suppose that black would feel the absence of his bishop
defending the dark squares more in a middle-game than an endgame context is a
pretty fair instinct. '} (7. Qc2 Nc6 8. h3 e5 9. e4 Qe7 10. Be3 b6 11. Be2 Bb7
12. Rd1 Nf6 13. Bg5 Na5 14. O-O h6 15. Bh4 g5 16. Bg3 Bxe4 17. Qc1 Bxf3 18.
Bxf3 e4 19. Rfe1 Rd8 {1/2-1/2 Tregubov,P-Garcia Palermo,C/Buenos Aires 1998/
CBM 67 ext (41)}) ({However a move such as} 7. Qc2 {[%cal Gb8c6,Ge7e5,Gf7f6,
Gg8e7] Wells does involve a certain loss of time. Black can aim for the set-up
...Nc6; ...e5 and maybe ...f6 which minimises the dark-square damage.}) 7...
Kxd8 8. Ne5 Be6 9. g3 Nd7 (9... f6 $2 10. Bg2 Kc7 (10... Kc8 11. Rb1 $16) 11.
Rb1 $16) 10. Nxd7 (10. Bf4 $6 Nxe5 11. Bxe5 f6 $15) 10... Kxd7 11. Bg2 Nf6 $5 {
Eine sehr riskante Fortsetzung - Schwarz opfert den Pb7. Die Annahme des Pc4
scheint mir einfacher.} (11... Bxc4 $11) 12. Rb1 $6 {Wells: 'White might feel
fairly confident here that his strategy of speedy mobilisation has rendered
black's b7 pawn as vulnerable as his own weaknesses, and that his pieces will
crash actively into black's position.'} (12. Bxb7 $5 Rab8 (12... Bxc4 $2 13.
Bxa8 Rxa8 $16) 13. Ba6 Ne4 $44 {[%cal Ge4d6,Gd6c4,Ge4c3]}) {[#]} 12... b6 $1 {
[%mdl 512] Wells: 'A rude awakening! At the cost of the exchange, the rook on
b1 is rendered impotent, white's best piece will be exchanged, and black's
light-squared bishop will be the unchallenged master of the board.' Das war
die Pointe der schwarzen Spielweise! Er opfert die Qualität, bekommt dafür
aber mehr als ausreichende Kompensation.} (12... Rab8 {Wells} 13. Bf4 $16) 13.
Bxa8 Rxa8 $44 {Petrosian (der neunte Weltmeister, der sehr gerne die Qualität
opferte) wäre sehr zufrieden! Schwarz gewinnt den Pc4, und es gibt keine
Schwächen in seiner Stellung.} 14. f3 Ne8 {[%cal Ge8d6]} 15. Bf4 Bxc4 {[%csl
Gc4] Wells: 'Take an admiring look at this piece - its influence pervades the
rest of the play. The real point is that white's rooks have no files, no
weaknesses to attack, no play.'} 16. Rb2 Kc6 {[%csl Gc4,Gc6]} 17. Rd2 (17. Kf2
Nd6 $44) 17... Nd6 18. Bxd6 $6 {Dieser Tausch gefällt mir nicht, denn er
stärkt nur die schwarze Bauernstellung. Es wäre besser, den Läufer auf dem
Brett zu belassen.} (18. Kf2 $142 $5) 18... exd6 19. Kf2 (19. e4 f5 20. exf5
gxf5 $44) 19... d5 20. e4 dxe4 21. fxe4 Re8 22. Re1 Be6 {'!' Wells.} 23. Kf3 (
23. Rb2 Rd8 24. Ree2 $5) (23. Rb1 Bg4 24. Re1 Kb5) (23. Rb1 $5 {[%csl Re4]
Wells}) 23... Kb5 $1 $15 {[%csl Gb5][%cal Gb5c4] Der schwarze König strebt
nach c4. Es ist nicht leicht für Weiß, hier Gegenspiel zu finden. Schwarz hat
einen Mehrbauern und eine gesunde Bauernstruktur für die Qualität, die weiße
Bauernstruktur weist hingegen viele Schwächen auf.} 24. Kf4 {Weiß möchte
entweder mit dem König am Königsflügel eindrignen oder Bauernschwächen
provozieren.} Kc4 25. Re3 a5 $1 {Schwarz ignoriert das Eindringen des
gegnerischen Königs am Königsflügel.} (25... f6 26. Red3 (26. e5 $2 g5+ 27. Kf3
fxe5 $17) 26... g5+ 27. Kf3 f5 $44) 26. Kg5 b5 27. Kh6 b4 28. cxb4 axb4 {
[%csl Gb4,Gc4,Gc5] Die schwarzen Bauern sind - dank Unterstützung durch König
und Läufer - sehr gefährlich für Weiß.} 29. Kxh7 {Weiß hat nun zwar eine ganze
Qualität mehr, aber sein König befindet sich weit ab vom Hauptkriegsschauplatz.
} Ra8 $17 30. Kg7 Kb5 31. h4 (31. Ree2 c4 32. Kf6 c3 33. Rc2 Rxa2 34. Rxa2 Bxa2
35. Rxa2 b3 $19) 31... c4 {[%csl Gb4,Gc4]} 32. g4 c3 $19 33. Rg2 Rxa2 0-1

[Event "Sarajevo Bosnia 30th"]
[Site "Sarajevo"]
[Date "2000.05.26"]
[Round "9"]
[White "Gurevich, Mikhail"]
[Black "Topalov, Veselin"]
[Result "0-1"]
[WhiteElo "2694"]
[BlackElo "2702"]
[Annotator "Ribli,Z"]
[PlyCount "82"]
[EventDate "2000.05.17"]
[EventType "tourn"]
[EventRounds "11"]
[EventCountry "BIH"]
[EventCategory "19"]
[SourceTitle "CBM 077"]
[Source "ChessBase"]
[SourceDate "2000.07.27"]
[SourceVersion "1"]
[SourceVersionDate "2000.07.27"]
[SourceQuality "1"]

1. c4 g6 2. Nc3 Bg7 3. g3 e5 4. Bg2 f5 5. d4 {Ein vorübergehendes Bauernopfer.
Oft wird der ruhigeren Alternative der Vorzug gegeben.} (5. e3 {/\ 6.Nge2})
5... exd4 (5... e4 6. g4 $5 (6. f3) 6... Nc6 7. gxf5 gxf5 8. Nh3 Bxd4 9. Nd5 d6
10. Bg5 Qd7 11. e3 Bxb2 12. Rb1 Bg7 13. Qh5+ Kf8 14. f3 Nce7 15. fxe4 Nxd5 16.
cxd5 Bc3+ 17. Ke2 Qf7 18. Qxf7+ Kxf7 19. Rhc1 Ba5 20. Rb5 Bb6 21. Rxb6 axb6 22.
Rxc7+ Ke8 23. Bf3 h5 24. Nf4 Bd7 25. Bxh5+ Rxh5 26. Nxh5 Kf7 27. exf5 {1-0
Miles,A-King,D/Moscow 1990/TD (27)}) 6. Nb5 {Weiß gewinnt das Material zurück.
Es entsteht eine Stellung, die eigentlich für die Holländische Verteidigung
typisch ist. Wichtiger aber ist, dass Weiß wegen der Rückeroberung des Bauern
durch Nb5-Nxd4 (oder Qxd4) Zeit verliert .} Nc6 (6... c5 7. Nd6+ Kf8 8. Nxb7) (
6... Na6 7. Nxd4 Nf6 8. Nh3 O-O 9. Nf4 Nc5 10. h4 Ne6 11. Nb5 d6 12. O-O Nxf4
13. Bxf4 Ne4 14. Bxe4 fxe4 15. Qd5+ Kh8 16. Bg5 Qd7 17. Qxe4 Bxb2 {1/2-1/2
Ubilava,E-Pariente Lopez,F/Linares 1994/TD (47)}) 7. Nf3 Nf6 (7... Nh6 $2 8.
Bg5 Ne7 9. Bf4 d6 10. c5 $1 a6 11. Nxc7+ Qxc7 12. cxd6 Qa5+ 13. Bd2 Qb6 14.
dxe7 Qxb2 15. O-O $16 {1-0 Gaspar,A-Santos,C/Loures 1996/EXT 98 (33)}) 8. Bf4 (
8. O-O Ne4 9. Nbxd4 Nxd4 (9... O-O 10. Be3 Qe7 11. Qa4 $14) 10. Nxd4 O-O 11.
Nb3 d6 12. Qc2 (12. Bxe4 fxe4 13. Qd5+ Kh8 14. Qxe4 Bh3 15. Re1 Qf6 $44) 12...
a5 13. Rb1 a4 14. Nd2 Nc5 15. b4 axb3 16. axb3 f4 17. Bb2 {1/2-1/2 Benko,
P-Petrosian,T/Curacao 1962/Candidates/[ChessBase] (67)}) (8. Nbxd4 O-O 9. O-O
Ne4 10. Be3 Qe7 11. Qa4 Rb8 12. c5 Nxc5 13. Nxc6 bxc6 14. Qxa7 Na6 15. b3 Qa3
16. Bd4 Rb7 17. Qa8 Bxd4 18. Nxd4 Rb6 {0-1 Ubilava,E-Komljenovic,D/San
Sebastian 1993/TD (37)}) (8. Nfxd4 Ne5 9. Bf4 Nh5 10. Bg5 Nf6 11. Qb3 a6 12.
Qe3 d6 13. f4 O-O 14. fxe5 dxe5 15. Qxe5 axb5 16. Nxb5 h6 17. Rd1 Qe8 18. Qxe8
Nxe8 19. Be7 Rf7 20. Ba3 Be6 21. Bxb7 Rb8 22. Bf3 Bxc4 {1/2-1/2 Schwartzman,
G-Grigore,G/Bucharest 1994/EXT 97 (39)}) 8... d6 9. Nfxd4 (9. c5 Ne4 10. cxd6
cxd6 11. O-O O-O 12. Nbxd4 Nxd4 13. Nxd4 Qb6 14. Nb3 Be6 15. Be3 Qa6 16. Bd4
Bh6 17. e3 Rac8 {1/2-1/2 Gaspar,A-Santos,C/Loures 1996/EXT 98 (35)}) 9... Nxd4
(9... Bd7) 10. Qxd4 (10. Nxd4 O-O 11. O-O Ne4 $11) 10... O-O 11. c5 $13 {
Diese Spielweise ist zweischneidig, aber auf anderem Wege kommt Weiß nicht zu
Eröffnungsvorteil.} Ne4 12. Qc4+ (12. Qd5+ $2 {[%csl Rd5][%cal Rc7c6,Rc6b5,
Rc6d5]} Kh8 $15) 12... d5 13. Qb4 (13. Qc2 g5 $1 14. Nxc7 (14. Bxc7 Qd7 $17)
14... gxf4 15. Nxa8 Qa5+ $17) 13... a5 14. Qa3 Rf7 {[%csl Ra3,Ge4][%cal Gg7a1]
Schwarz kann mit dem Verlauf der Eröffnung zufrieden sein: Der Ne4 steht
ausgezeichnet, der Bg7 ist stark und Weiß kann seine Stellung am Damenflügel
nicht verbessern.} 15. Rd1 g5 16. Be3 Qe8 {[%cal Ge8e1,Re8b5]} 17. Nc3 $2 {
[%mdl 16384] Es ist verständlich, dass Weiß den starken Ne4 abtauschen möchte,
aber in dieser konkreten Stellung wäre der andere Springerzug besser.} (17. Nd4
f4 18. gxf4 gxf4 19. Bc1 $13) 17... Nxc3 18. bxc3 f4 $36 {Dieser Zug ist gut,
zugleich aber auch erzwungen, es hängen die Pd5 und Pg5.} 19. gxf4 gxf4 20. Bd4
Bg4 {Schwarz übt spürbar Druck aus - der weiße König steht schlecht in der
Mitte.} (20... f3 $5 21. Bf1 fxe2 22. Bxe2 Bg4 23. Be3 (23. Rd2 Qe4 $19 (23...
Bh6)) 23... Qe4 24. Rf1 Raf8 $40) {[#]} 21. O-O (21. f3 Bd7 $36 {[%csl Rg2]
[%cal Gd7b5,Gb5e2]}) 21... Ra6 $1 {[%cal Ga6g6,Gg6g1][%mdl 128]} 22. f3 {
Dieser Zug sieht nicht schön aus, aber es ist die einzige Möglichkeit für Weiß.
} (22. Bxd5 $2 Rg6 23. Bxf7+ Kxf7 $19 {[%csl Rg1]}) 22... Bf5 {[%csl Rg2]} 23.
Rf2 (23. Rd2 Rg6 $17) 23... Rg6 $17 {[%cal Gg6g1] Schwarz hat gute
Figurenkoordination und starke Drohungen am Königsflügel. Weiß hingegen
besitzt kein Gegenspiel.} 24. Kf1 Bxd4 25. Rxd4 (25. cxd4 Rfg7 $19 (25... Qe3
$2 26. Qxa5 $15 (26. Qxe3 fxe3 $19))) 25... Rfg7 {[%csl Rf1][%cal Rg7g2]} 26.
Rxd5 (26. Qb3 Rxg2 27. Rxg2 Bh3 $19) 26... Bh3 27. Qb3 {[%cal Gb3g8]} Kh8 28.
Qd1 {[%cal Rd1d8,Rd8h8]} Bxg2+ 29. Ke1 Bh3 $19 {Schwarz hat eine Mehrfigur und
einen starken Angriff - Weiß bleibt ohne Kompensation.} 30. Qd4 {[%cal Gd4h8]}
Rg1+ 31. Kd2 Qe3+ {Diese Vereinfachung gewinnt - nach dem Damentausch ist die
weiße Stellung hoffnungslos..} 32. Qxe3 fxe3+ 33. Kxe3 Be6 34. Rd4 R7g5 {
[%cal Rg5c5]} 35. Re4 Bg8 36. f4 Rxc5 37. f5 Kg7 38. f6+ Kg6 {Der weiße
f-Bauer ist nur scheinbar gefährlich - Schwarz steht auf Gewinn.} (38... Kf8
$19) 39. Re7 Bf7 40. Kd4 Rc4+ (40... b6 $19) 41. Kd3 Rc6 0-1

[Event "ESP-chT"]
[Site "Barcelona"]
[Date "2000.08.10"]
[Round "6"]
[White "Topalov, Veselin"]
[Black "Rodriguez Vargas, Orestes"]
[Result "1-0"]
[WhiteElo "2707"]
[BlackElo "2494"]
[PlyCount "113"]
[EventDate "2000.08.05"]
[EventType "team"]
[EventRounds "9"]
[EventCountry "ESP"]
[SourceTitle "CBM 077 Extra"]
[Source "ChessBase"]
[SourceDate "2000.09.14"]
[SourceVersion "1"]
[SourceVersionDate "2000.09.14"]
[SourceQuality "1"]

1. d4 d5 2. c4 e6 3. Nf3 Nf6 4. Nc3 Bb4 5. Bg5 h6 6. Bxf6 Qxf6 7. e3 O-O 8. Rc1
c6 9. Bd3 Nd7 10. O-O Qe7 11. Qc2 Bd6 12. c5 Bc7 13. e4 dxe4 14. Nxe4 Rd8 15.
Rfe1 Nf6 16. Nxf6+ Qxf6 17. b4 Bd7 18. a3 Be8 19. Qc3 a5 20. g3 b6 21. Re3 Ra7
22. h4 axb4 23. axb4 Rda8 24. Bc2 g6 25. Kg2 Ra2 26. Rd1 bxc5 27. bxc5 Rb8 28.
Bb1 Rab2 29. Be4 Qd8 30. Ra1 R8b4 31. Bc2 Rb5 32. Kg1 Qd5 33. Ra8 Rb8 34. Be4
Qd8 35. Qxb2 Rxa8 36. Rb3 Rb8 37. Kg2 Kf8 38. Rxb8 Qxb8 39. Qd2 Kg7 40. Qc3 Kf8
41. Qe3 Kg7 42. Qc3 Kf8 43. Ne5 Qb5 44. Qe3 Bxe5 45. dxe5 h5 46. Qd4 Qb7 47.
Qd6+ Kg7 48. Qd8 Qd7 49. Qxd7 Bxd7 50. Kf3 f6 51. Kf4 Kf7 52. f3 Kg7 53. g4
hxg4 54. fxg4 f5 55. Bd3 fxg4 56. Kxg4 Kh6 57. Ba6 1-0

[Event "Olympiad-34"]
[Site "Istanbul"]
[Date "2000.11.02"]
[Round "6.1"]
[White "Vaganian, Rafael A"]
[Black "Topalov, Veselin"]
[Result "0-1"]
[WhiteElo "2623"]
[BlackElo "2707"]
[Annotator "Tsesarsky,I"]
[PlyCount "71"]
[EventDate "2000.10.28"]
[EventType "team-swiss"]
[EventRounds "14"]
[EventCountry "TUR"]
[SourceTitle "EXT 2001"]
[Source "ChessBase"]
[SourceDate "2000.11.22"]
[SourceVersion "1"]
[SourceVersionDate "2000.11.22"]
[SourceQuality "1"]
[WhiteTeam "Armenia"]
[BlackTeam "Bulgaria"]
[WhiteTeamCountry "ARM"]
[BlackTeamCountry "BUL"]

1. d4 Nf6 2. Nf3 c5 3. d5 b5 4. a4 b4 5. Bg5 ({Another interesting possibility
is} 5. c4 $5) 5... Ne4 (5... d6 6. e3 (6. Bxf6 exf6 7. Nbd2 (7. e4 g6 8. Nbd2
Bg7 9. Bb5+ Nd7 10. Nc4 Qe7 11. O-O O-O 12. Re1 Ne5 13. Nfxe5 fxe5 14. c3 $132
{1-0 Leyva,H-Farrand,T/Istanbul TUR 2000 (44)}) 7... Be7 8. Nc4 f5 9. g3 O-O
10. Bg2 Ba6 11. Nfd2 Bf6 12. O-O Re8 13. Re1 Bxc4 14. Nxc4 Na6 $11 {0-1 Van
der Erf,R-Markus,J/Hoogeveen NED 1999/ (60)}) 6... g6 7. Bxf6 exf6 8. Bb5+ {
see comments to the game 1/2-1/2 Nikolic,P-Sokolov,I/Wijk aan Zee 1997/CBM 57 
(51) [Stohl,I]}) (5... g6 6. Bxf6 exf6 7. e4 Bg7 8. Nbd2 O-O 9. Bd3 f5 10. exf5
Re8+ 11. Kf1 Bxb2 $15 {0-1 Porper,E-Alterman,B/Shitomir 1986/ (41)}) (5... Qb6
6. a5 Qb7 7. Bxf6 exf6 8. g3 d6 9. Bg2 g6 10. O-O Bg7 11. Nbd2 O-O 12. Nc4 Qc7
13. Nfd2 Ba6 14. e4 Nd7 15. f4 Rfe8 $132 {0-1 Ostergaard,J-Brynell,S/Hillerod
Politiken 1995/ (59)}) (5... e6 6. dxe6 fxe6 7. e4 Be7 8. Nbd2 d5 9. Bb5+ Bd7
10. Ne5 Bxb5 11. axb5 Qc7 12. f4 O-O 13. O-O c4 $132 {1-0 Auciello,S-German,G/
Najdorf Open, Buenos Aires ARG 1997/ (40)}) 6. g3 $6 $15 {This move is
mistake! Much better are Bg5 retreats:} (6. Bf4 Bb7 7. e3 g6 8. Be5 f6 9. Bf4
Bg7 10. Bc4 O-O 11. h4 d6 12. Qd3 f5 13. Qb3 $132 {1-0 Minogina,T-Fatalibekova,
E/Moscow ch wmn 1981 (33)}) ({or} 6. Bh4 g6 7. Nbd2 (7. Qd3 Nd6 8. c4 Bg7 9.
Ra2 b3 10. Qxb3 Na6 11. Nbd2 Rb8 12. Qd1 Bxb2 $15 {1-0 Tratar,M-Escobar Forero,
A/Paranana Wtt-26 ,EXT 1993/(60)}) 7... Nxd2 8. Qxd2 d6 9. e4 Bg7 10. Bb5+ Nd7
11. c3 a6 12. Be2 O-O 13. O-O a5 $132 {1-0 Sultanov,A-Grechihin,V/Samara RUS
2000/The Week in Chess 294 (25)}) 6... g6 7. Bg2 d6 (7... Bg7 8. Bc1 $15) ({
Quite good also} 7... Nxg5 8. Nxg5 d6 $15 (8... Bg7 9. d6 Nc6 10. c3 O-O $132))
8. Bc1 Bg7 9. Nfd2 (9. O-O O-O 10. Nbd2 Nxd2 11. Qxd2 Nd7 12. c4 bxc3 13. bxc3
Rb8 $15) 9... Nxd2 10. Nxd2 ({It is very difficult to decide certainly, but
maybe better is} 10. Qxd2 {[%cal Gc2c4]} Nd7 11. c4 Qa5 12. Ra2 b3 13. Ra3 (13.
Qxa5 bxa2 $19) 13... Qa6 14. Qf4 Ne5 15. Nd2 Rb8 16. O-O Rb4 17. Rxb3 Rxb3 18.
Nxb3 Nxc4 $15) 10... Nd7 11. O-O O-O 12. Re1 ({Interesting also} 12. e4 a5 13.
f4 Ba6 14. Rf3 e6 15. Nb3 exd5 $15) 12... a5 13. e4 (13. Nc4 Ba6 $15 {[%csl
Ra1,Rc4][%cal Gb2b3,Gg7a1]}) 13... Nb6 14. Ra2 e6 15. b3 $2 $17 (15. Nf1 Re8
16. dxe6 {this move permits to White to get rid of d5 weakness} (16. b3 $2 exd5
17. exd5 Rxe1 18. Qxe1 Bb7 $1 {like in this game - White remains with "bad"
Ra2 and Pd5 weakness.} (18... Ba6 $2 19. Bb2 Bxb2 20. Rxb2 c4 21. Rb1 c3 (21...
Rc8 22. c3 $132) 22. Qe4 Rc8 23. Ne3 Rc5 24. Qd4 $11) 19. Ne3 Qe7 {[%csl Rd5]
[%cal Ge7e1]} 20. Qd2 Re8 21. Bb2 Bh6 $1 $17) 16... Bxe6 17. b3 d5 $15) ({
The only chance not to worsen position was} 15. dxe6 $5 {-like in previous
variation} Bxe6 $1 (15... fxe6 16. e5 d5 17. Nb3 Qc7 18. Be3 (18. Bf4 Bd7 $15 {
[%csl Ra4]}) 18... d4 19. Bd2 Ra7 20. f4 Bd7 {[%csl Ra4]} 21. Qg4 {[%csl Re6]}
Re8 (21... Rf5 22. Be4) 22. Rea1 Bc6 23. Bxc6 Qxc6 24. Be1 Nc4 25. Bf2 $132)
16. b3 d5 17. exd5 Nxd5 18. Ne4 Nc3 19. Nxc3 Bxc3 $15) 15... exd5 16. exd5 Bb7
{[%csl Ra2,Rd5] White remains with "bad" Ra2 and Pd5 weakness - as noted in
one of commented variations on previous move.} 17. Nf1 Re8 18. Rxe8+ Qxe8 19.
h4 ({Or} 19. Bb2 Bxb2 20. Rxb2 Qe5 $17 {[%csl Rb2,Rd5]}) 19... f5 20. Bf4 Be5
21. Ne3 (21. Qd2 Bxf4 $17 {[%csl Rd5,Rf4][%cal Gg3f4]}) 21... Bxf4 22. gxf4 {
[%csl Rd5,Rf4]} Qe7 {[%csl Rh4][%cal Ge7h4]} 23. h5 Qh4 {[%csl Rf4]} 24. hxg6
hxg6 25. Qf3 Qf6 {[%csl Ra2][%cal Gf6a1]} ({Strong also} 25... Re8 26. Ra1 Re4
$17 {[%csl Rd5,Rf4]}) 26. c4 $2 $19 {This R releaze desperate attempt makes
position of White hopeless.} (26. Bf1 $142 $17 {[%csl Ra2,Rd5][%cal Gf1b5]})
26... bxc3 27. Re2 (27. Rc2 Qd4 28. Qg3 Kf7 $19) 27... Ba6 $1 28. Nc4 Nxc4 ({Or
} 28... Bxc4 29. bxc4 Nxc4 $19) 29. bxc4 Rb8 30. Re6 (30. Qd3 Qd4 $19) {
[%tqu "En","Black here can to win immediately.How?","","","f6e6","",10]} 30...
Qxe6 $1 (30... Qg7 $2 31. Qd3 $17) 31. dxe6 c2 32. Qe3 Rb1+ 33. Kh2 c1=Q 34.
Qg3 (34. e7 Qxe3 35. Bd5+ Kg7 36. fxe3 Rb8 $19) 34... Kg7 $1 35. Qh4 Qg1+ 36.
Kh3 (36. Kh3 Qh1+ $1 $19) 0-1